00527nam a22001577a 450000500170000001000130001702000100003003500130004003700160005308200080006910000430007724501040012024600920022426000330031630000200034920200222144212.0 aA-338643 c50.00 aA-338643 bCen Lib/Ret a921 aعتیق الرحمان عوثمانی aماہنا مہ بورہان کی تاریچی اشاعت /cعتیق الرحمان عوثمانی aMahna Ma Burhan ki Tarikhi Ashaat /bby Ateeq-ur-Rehman Usmani ; edited by Jameel Muhri aDelhibUrdu Academyc1987 ء a559p.c24cm(Hb)